[Event "GER-chT U10"]
[Site "Magdeburg"]
[Date "2013.12.27"]
[Round "2.2"]
[White "Fidlin, Maximilian"]
[Black "Dittrich, Julius"]
[Result "1-0"]
[WhiteElo "918"]
[BlackElo "905"]
[PlyCount "51"]
[EventDate "2013.12.27"]
[EventType "team-swiss"]
[EventRounds "5"]
[EventCountry "GER"]
[SourceTitle "EXT 2015"]
[Source "ChessBase"]
[SourceDate "2014.11.20"]
[SourceVersion "1"]
[SourceVersionDate "2014.11.20"]
[SourceQuality "1"]
[WhiteTeam "Karlsruhe"]
[BlackTeam "Breitenworbis"]
[WhiteTeamCountry "GER"]
[BlackTeamCountry "GER"]

1. e4 e5 2. Nf3 Nc6 3. Bb5 a6 4. Ba4 b5 5. Bb3 a5 6. Bd5 Nf6 7. Nc3 Bd6 8. Nxb5 Ne7 9. Bxa8 Ba6 10. Nxd6+ cxd6 11. Bd5 Nfxd5 12. exd5 Nxd5 13. d3 0-0 14. 0-0 e4 15. Ng5 h6 16. Nxe4 Qc7 17. c4 Nb4 18. Bf4 Qc6 19. Bxd6 Re8 20. c5 Bb7 21. f3 f5 22. Ng3 Ba6 23. Nxf5 Bxd3 24. Qb3+ Kh7 25. Qf7 Bxf5 26. Qxe8 1-0

[Event "GER-chT U10"]
[Site "Magdeburg"]
[Date "2013.12.27"]
[Round "1.2"]
[White "Grunert, Friedrich"]
[Black "Fidlin, Maximilian"]
[Result "1-0"]
[WhiteElo "600"]
[BlackElo "918"]
[PlyCount "51"]
[EventDate "2013.12.27"]
[EventType "team-swiss"]
[EventRounds "5"]
[EventCountry "GER"]
[SourceTitle "EXT 2015"]
[Source "ChessBase"]
[SourceDate "2014.11.20"]
[SourceVersion "1"]
[SourceVersionDate "2014.11.20"]
[SourceQuality "1"]
[WhiteTeam "Muenchen Suedost"]
[BlackTeam "Karlsruhe"]
[WhiteTeamCountry "GER"]
[BlackTeamCountry "GER"]

1. d4 d5 2. Nf3 Nf6 3. Nc3 g6 4. Bf4 Bg7 5. Qd2 Nc6 6. 0-0-0 Bf5 7. Kb1 Ng4 8. h3 Nxf2 9. g4 Be4 10. Bg2 Nxh1 11. Bxh1 0-0 12. Bh6 a6 13. Bxg7 Kxg7 14. Nxe4 dxe4 15. Ng5 a5 16. Bxe4 a4 17. Bxc6 bxc6 18. Rh1 a3 19. b3 c5 20. h4 c4 21. h5 cxb3 22. cxb3 c5 23. h6+ Kg8 24. d5 c4 25. Qc3 Qxd5 26. Qg7# 1-0